000 00592nam a22001817a 4500
003 UA-OsUOA
001 18394
007 ta
008 20040507b un ||||| |||| 00| 0 ukr d
100 _aПогонська В.
942 _cSA
040 _aUA-OsUOA
_cUA-OsUOA
_dUA-OsUOA
245 _aФізик , лірик і господар
_b[Про дир. ЗОШ-комплексу І-ІІІ ступенів №28 м.Рівне І.Віднічука]
300 _aС.4
955 _a0
773 0 _w0
_tСім днів
_dРівне
_d2004
_g№18/30 квіт./
650 7 _aВіднічук І.
_2UDC
999 _c304565
_d304565